<?xml version="1.0" encoding="UTF-8"?>
<record
    xmlns:xsi="http://www.w3.org/2001/XMLSchema-instance"
    xsi:schemaLocation="http://www.loc.gov/MARC21/slim http://www.loc.gov/standards/marcxml/schema/MARC21slim.xsd"
    xmlns="http://www.loc.gov/MARC21/slim">

  <leader>01649    a2200217   4500</leader>
  <controlfield tag="001">22354</controlfield>
  <controlfield tag="005">20260407155513.0</controlfield>
  <controlfield tag="008">260407a1992    arg                 spa d</controlfield>
  <controlfield tag="003">AR-UNSa-BCEJYS</controlfield>
  <datafield tag="040" ind1=" " ind2=" ">
    <subfield code="a">AR-UNSa-BCEJYS</subfield>
    <subfield code="b">spa</subfield>
    <subfield code="c">AR-UNSa-BCEJYS</subfield>
  </datafield>
  <datafield tag="080" ind1=" " ind2=" ">
    <subfield code="a">657</subfield>
    <subfield code="x">Contabilidad</subfield>
  </datafield>
  <datafield tag="245" ind1="1" ind2="0">
    <subfield code="a">Elecci&#xF3;n contable y sus efectos econ&#xF3;micos</subfield>
    <subfield code="p">contraste empiricos en la banca espa&#xF1;ola</subfield>
  </datafield>
  <datafield tag="020" ind1=" " ind2=" ">
    <subfield code="a">84-476-0014-9</subfield>
  </datafield>
  <datafield tag="264" ind1=" " ind2="1">
    <subfield code="a">Madrid :</subfield>
    <subfield code="b">Ministerio de Econom&#xED;a y Hacienda</subfield>
    <subfield code="c">1992</subfield>
  </datafield>
  <datafield tag="300" ind1=" " ind2=" ">
    <subfield code="a">356 p.</subfield>
    <subfield code="c">24 cm.</subfield>
  </datafield>
  <datafield tag="505" ind1=" " ind2=" ">
    <subfield code="a">Parte I: Teor&#xED;a positiva de la contabilidad : 1. El paradigma de utilidad - 2. Teor&#xED;a positiva de la contabilidad - 3. Informaci&#xF3;n contable y mercado de capitales - 4. Efectos econ&#xF3;micos de los cambios contables - Parte II: El bancario espa&#xF1;ol : 5. El sector bancario espa&#xF1;ol - Parte III: La elecci&#xF3;n de criterios contables en la banca espa&#xF1;ola: 6. Determinantes de la elecci&#xF3;n de criterios contables - 7. Estudio emp&#xED;rico de la contabilizaci&#xF3;n de los compromisos por complementos de pensiones en la banca espa&#xF1;ola - Parte IV: Reacci&#xF3;n del precio de las acciones a las normas contables en la banca espa&#xF1;ola: 8. Determinantes de la reacci&#xF3;n del precio de las acciones a los cambios contables - 9. Estudio empirico de las reacci&#xF3;n del precio de las acciones a las normas sobre provisi&#xF3;n de insolvencias y riesgo-pais.</subfield>
  </datafield>
  <datafield tag="942" ind1=" " ind2=" ">
    <subfield code="c">BK</subfield>
  </datafield>
  <datafield tag="590" ind1=" " ind2=" ">
    <subfield code="a">niveau_biblio:m niveau_hierar:0</subfield>
  </datafield>
  <datafield tag="100" ind1="1" ind2=" ">
    <subfield code="a">Arcas Pellicer, Mar&#xED;a Jose</subfield>
  </datafield>
  <datafield tag="856" ind1="4" ind2="1">
    <subfield code="u">https://biblioeco.unsa.edu.ar/pmb/images/libros/Eleccion contable y sus efectos economicos, Contrastes empiricos en la banca Espa?ola-l119500.jpg</subfield>
    <subfield code="y">Imagen de portada</subfield>
    <subfield code="q">image/jpeg</subfield>
  </datafield>
  <datafield tag="999" ind1=" " ind2=" ">
    <subfield code="c">975</subfield>
    <subfield code="d">975</subfield>
  </datafield>
  <datafield tag="952" ind1=" " ind2=" ">
    <subfield code="0">0</subfield>
    <subfield code="1">0</subfield>
    <subfield code="4">0</subfield>
    <subfield code="7">0</subfield>
    <subfield code="a">BCEJYS</subfield>
    <subfield code="b">BCEJYS</subfield>
    <subfield code="c">16</subfield>
    <subfield code="d">2026-04-07</subfield>
    <subfield code="l">0</subfield>
    <subfield code="o">P657 A668</subfield>
    <subfield code="p">L119500</subfield>
    <subfield code="r">2026-04-07 15:55:13</subfield>
    <subfield code="w">2026-04-07</subfield>
    <subfield code="y">L</subfield>
  </datafield>
</record>
